| 000 | 01396nam0a2200349 4500 | ||
|---|---|---|---|
| 001 | RU\NLR\BIBL_A\022278323 | ||
| 005 | 20260406043550.0 | ||
| 035 | _a(NLR Aleph) 022278323 | ||
| 090 |
_a12382270 _c12382270 |
||
| 100 | _a20240715d1969 |||y0rusy50 ca | ||
| 101 | 0 |
_adut _dger |
|
| 102 | _aRU | ||
| 105 | _ay m 001yy | ||
| 181 | 0 |
_ai4 _baxxe |
|
| 182 | 0 | _an | |
| 200 | 1 |
_aLuther's geschriften in de Nederlanden tot 1546 _eacademisch proefschrift _fdoor Casper Christiaan Gerrit Visser |
|
| 203 |
_aТекст _bвизуальный _cнепосредственный |
||
| 210 |
_aAssen _cVan Gorcum & comp. [etc.] _d1969 |
||
| 215 |
_a[9], 199 с. _d23 |
||
| 300 | _aРез. на нем. яз. | ||
| 320 | _aБиблиогр. в сокр. в начале кн. и в подстроч. примеч. | ||
| 320 | _aУказ.: с. 194-198 | ||
| 541 | 1 | _aТруды Лютера в Нидерландах до 1546 года | |
| 600 | 1 |
_aЛютер _bМ. _f1483 - 1546 _gМартин _jБиблиография _jДиссертации _91154020 _3RU\NLR\AUTH\66142813 |
|
| 686 | 2 | _aЭ376.11-343-028.1,1 | |
| 700 | 1 |
_aVisser _bC. C. G. _gCasper Christiaan Gerrit |
|
| 702 | 1 |
_4570 _8ger _7ba _aLuther _bM. _f1483-1546 _gMartin _3RU\NLR\AUTH\773603 _9113597 |
|
| 942 | _cBOOK | ||
| 980 | _aNB | ||